| 000 | 00790nam a2200229 i 4500 | ||
|---|---|---|---|
| 001 | 83507 | ||
| 003 | ES-MaACL | ||
| 005 | 20230906174836.0 | ||
| 007 | t| | ||
| 008 | 041117s1953 sp |||| | spa d | ||
| 245 | 0 | 0 |
_aIntroducción al estudio de la transfusión sanguínea / _cpor A. Armengol... [et al.] ; prólogo de Francisco García Valdecasas. |
| 260 |
_aMadrid : _bPaz Montalvo, _c1953 ( _fDiana) |
||
| 300 |
_a406 p. ; _c20 cm. |
||
| 490 | 1 |
_aMonografías de terapéutica general ; _v3 |
|
| 650 | 4 |
_aSangre- _xTransfusión. _9144478 |
|
| 700 | 1 |
_aGarcía-Valdecasas, Francisco. _955355 |
|
| 700 | 1 |
_aArmengol, A. _922941 |
|
| 830 | 0 |
_aMonografías de terapéutica general ; _v3 _9183807 |
|
| 852 |
_aES-MaACL _jC-7295 |
||
| 852 |
_aES-MaACL _jC-6444 |
||
| 999 |
_c83507 _d83507 |
||